|
|
|
|
| LEADER |
00967nam a2200253 a 4500 |
| 001 |
149623 |
| 008 |
100517s2000 caua 001 0 eng d |
| 010 |
|
|
|a 98086255
|
| 020 |
|
|
|a 8176561916
|
| 020 |
|
|
|a 0782122663 (pbk. : acid-free paper)
|
| 040 |
|
|
|a DLC
|c DLC
|d DLC
|d DB-DhAAL
|
| 082 |
0 |
0 |
|a 005.7/2
|2 21
|
| 100 |
1 |
|
|a Navarro, Ann.
|
| 245 |
1 |
0 |
|a Mastering XML /
|c Ann Navarro, Chuck White, Linda Burman.
|
| 250 |
|
|
|a 1st ed.
|
| 260 |
|
|
|a San Francisco, CA ;
|a New Delhi :
|b BPB Publication,
|c 2000.
|
| 300 |
|
|
|a xxxviii, 882 p. :
|b ill. ;
|c 23 cm.
|e + 1 computer laser optical disc (4 3/4 in.)
|
| 541 |
1 |
|
|e 00010552
|
| 650 |
|
0 |
|a XML (Document markup language)
|
| 700 |
1 |
|
|a White, Chuck,
|d 1958-
|
| 700 |
1 |
|
|a Burman, Linda.
|
| 852 |
4 |
|
|a Ayesha Abed Library
|j General Shelf.
|
| 999 |
|
|
|c 8633
|d 8633
|
| 952 |
|
|
|0 0
|1 0
|2 ddc
|4 0
|6 005_720000000000000_NAV_2000
|7 0
|9 10301
|a BRACUL
|b BRACUL
|c GEN
|d 2010-05-18
|l 1
|m 19
|o 005.72 NAV
|p 3010010552
|r 2019-10-09
|s 2019-05-27
|t 1
|w 2010-05-18
|y BK
|